000 00655nam a2200205 i 4500
001 16602
003 ES-MaACL
005 20231222063027.0
007 t|
008 001019s2000 sp |||| | spa d
020 _a84-921741-1-0
080 _a232.9
100 1 _aSuárez Rodríguez, José Luis,
_d1931-2020
_9108655
245 1 0 _aCoronado/Nazoreo
_b: la identidad de Esteban y Jesús /
_cJosé Luis Suárez Rodríguez.
260 _aMadrid :
_bApis,
_c2000.
300 _a29 p. ;
_c21 cm.
600 1 4 _aJesucristo-
_xHistoricidad.
_966367
852 _aES-MaACL
_j2154-F-28
_z. - Dedicatoria autógrafa del autor
999 _c16602
_d16602